| 000 | 00766nam a22002177a 4500 | ||
|---|---|---|---|
| 003 | LK-CoDNM | ||
| 005 | 20241118124737.0 | ||
| 008 | 241015b |||||||| |||| 00| 0 eng d | ||
| 040 |
_aLK-CoDNM _dLK-CoDNM _eLK-CoDNM |
||
| 041 | _asin | ||
| 080 |
_aප්ර.ශ _b72.1 |
||
| 245 |
_aශ්රී සද්ධර්ම රසය -1929 _b5 කාණ්ඩය 11,12 කලාපය |
||
| 260 |
_aකොළඹ _bශ්රී භාරතී යන්ත්රාලය _c1929 |
||
| 300 | _b8p. ; 24 cm | ||
| 650 | _aශ්රී සද්ධර්ම රසය -1929 | ||
| 650 | _a5 කාණ්ඩය 11,12 කලාපය | ||
| 650 | _aමාසික සගරාව | ||
| 650 | _aප්ර.ශ 72.1 | ||
| 650 | _a1929 | ||
| 942 | _cBK | ||
| 999 |
_c230337 _d230337 |
||